| 000 | 00506cam a2200193ua 4500 | ||
|---|---|---|---|
| 020 | _c1200.00 | ||
| 041 |
_aeng _h |
||
| 082 |
_a665.776 _bSHI/HA |
||
| 100 | _aShilpkar, Prateek . | ||
| 245 |
_aHand book of biogas technology / _cPratheek Shilpkar. _hTextual Documents |
||
| 260 |
_aUdaypur : _bAgro-tech publishing academy , _c2009. |
||
| 300 | _a ; . | ||
| 365 | _a1200.00 | ||
| 504 | _a | ||
| 700 | 1 | _aShilpkar, Deepti . | |
| 942 | _cBK | ||
| 999 |
_c13436 _d13436 |
||